Sports Quiz

Random Sports or Cricket Quiz
Score 0/86 Timer 10:00
0 Plays Today
Partnership Runs Tendulkar's Partner % Correct
249Rahul Dravid
99.5%
229Rahul Dravid
99.5%
222*Rahul Dravid
99.1%
213Rahul Dravid
99.1%
170Rahul Dravid
99.1%
169Rahul Dravid
99.1%
163Rahul Dravid
99.1%
163Rahul Dravid
99.1%
150Rahul Dravid
99.1%
140Rahul Dravid
99.1%
139Rahul Dravid
99.1%
138*Rahul Dravid
99.1%
127Rahul Dravid
99.1%
124Rahul Dravid
99.1%
122Rahul Dravid
99.1%
119Rahul Dravid
99.1%
117Rahul Dravid
99.1%
113Rahul Dravid
99.1%
109Rahul Dravid
99.1%
104Rahul Dravid
99.1%
353VVS Laxman
98.6%
281Sourav Ganguly
98.6%
256Sourav Ganguly
98.6%
255Sourav Ganguly
98.6%
249Sourav Ganguly
98.6%
189Sourav Ganguly
98.6%
164Sourav Ganguly
98.6%
150Sourav Ganguly
98.6%
142Sourav Ganguly
98.6%
Partnership Runs Tendulkar's Partner % Correct
139Sourav Ganguly
98.6%
121Sourav Ganguly
98.6%
108Sourav Ganguly
98.6%
108Sourav Ganguly
98.6%
214VVS Laxman
98.2%
146VVS Laxman
98.2%
137*VVS Laxman
98.2%
126VVS Laxman
98.2%
118VVS Laxman
98.2%
112VVS Laxman
98.2%
109VVS Laxman
98.2%
103VVS Laxman
98.2%
336Virender Sehwag
97.3%
249Virender Sehwag
97.3%
220Virender Sehwag
97.3%
118Virender Sehwag
97.3%
172MS Dhoni
95.9%
115MS Dhoni
95.9%
163*Yuvraj Singh
93.2%
129Harbhajan Singh
93.2%
110Yuvraj Singh
93.2%
176Gautam Gambhir
91.4%
130Gautam Gambhir
91.4%
222Mohammad Azharuddin
90.1%
221Mohammad Azharuddin
90.1%
202Mohammad Azharuddin
90.1%
142Mohammad Azharuddin
90.1%
139Mohammad Azharuddin
90.1%
127Mohammad Azharuddin
90.1%
Partnership Runs Tendulkar's Partner % Correct
124Mohammad Azharuddin
90.1%
123Mohammad Azharuddin
90.1%
112Mohammad Azharuddin
90.1%
144Cheteshwar Pujara
72.1%
194Vinod Kambli
69.4%
162Vinod Kambli
69.4%
137Vinod Kambli
69.4%
196Ravi Shastri
68%
256Suresh Raina
67.6%
124Suresh Raina
67.6%
177Navjot Sidhu
67.1%
174Navjot Sidhu
67.1%
147Navjot Sidhu
67.1%
136Nayan Mongia
67.1%
128Navjot Sidhu
67.1%
121Navjot Sidhu
67.1%
101Navjot Sidhu
67.1%
308Murali Vijay
66.2%
175Wasim Jaffer
65.3%
133Zaheer Khan
64.9%
101Parthiv Patel
62.6%
143Sanjay Manjrekar
55.4%
160*Manoj Prabhakar
48.2%
118Shiv Sundar Das
45.5%
128Kiran More
37.4%
171Sanjay Bangar
27%
144Amit Mishra
23.9%
118Pravin Amre
20.3%
Come Together.
Have Fun.
All Virtual.
We all need to come together. Play Sporcle's virtual live trivia to have fun, connect with people, and get your trivia on. Join a live hosted trivia game for your favorite pub trivia experience done virtually. If a virtual private party is more your thing, go here for details.

You're not logged in!

Compare scores with friends on all Sporcle quizzes.
OR
Log In

Sporcle TV

Today on Sporcle TV


Watch our educational content, quiz creation guides, and fun videos on Sporcle TV.

Show Comments

Extras

Top Quizzes Today


Score Distribution

Paid Content

Your Account Isn't Verified!

In order to create a playlist on Sporcle, you need to verify the email address you used during registration. Go to your Sporcle Settings to finish the process.

Report this User

Report this user for behavior that violates our Community Guidelines.

Details: